A textbook of psychiatric nursing : (Record no. 10544)
[ view plain ]
| 000 -LEADER | |
|---|---|
| fixed length control field | 00522nam a22001817a 4500 |
| 005 - DATE AND TIME OF LATEST TRANSACTION | |
| control field | 20260309071452.0 |
| 008 - FIXED-LENGTH DATA ELEMENTS--GENERAL INFORMATION | |
| fixed length control field | 260309b ||||| |||| 00| 0 eng d |
| 020 ## - INTERNATIONAL STANDARD BOOK NUMBER | |
| International Standard Book Number | 9788192406015 |
| 082 ## - DEWEY DECIMAL CLASSIFICATION NUMBER | |
| Classification number | 610.7368 KAP |
| 100 ## - MAIN ENTRY--PERSONAL NAME | |
| Personal name | Kapoor, Bimla. |
| 245 ## - TITLE STATEMENT | |
| Title | A textbook of psychiatric nursing : |
| Statement of responsibility, etc. | vol. - II : |
| Remainder of title | 3rd edition. |
| 250 ## - EDITION STATEMENT | |
| Edition statement | 3rd ed. |
| 260 ## - PUBLICATION, DISTRIBUTION, ETC. | |
| Place of publication, distribution, etc. | New Delhi : |
| Name of publisher, distributor, etc. | Kumar Publishing House ; |
| Date of publication, distribution, etc. | 2024. |
| 300 ## - PHYSICAL DESCRIPTION | |
| Extent | 492 p. |
| Dimensions | 26 cm. |
| 500 ## - GENERAL NOTE | |
| General note | Includes index. |
| 650 ## - SUBJECT ADDED ENTRY--TOPICAL TERM | |
| Topical term or geographic name entry element | Psychiatric nursing. |
| 942 ## - Added entry Elements (Koha) | |
| Source of classification or shelving scheme | Dewey Decimal Classification |
| Koha item type | Main |
| Withdrawn status | Lost status | Source of classification or shelving scheme | Damaged status | Not for loan | Collection code | Home library | Current library | Shelving location | Date acquired | Cost, normal purchase price | Inventory number | Total Checkouts | Total Renewals | Full call number | Barcode | Checked out | Date last seen | Date last checked out | Price effective from | Koha item type |
|---|---|---|---|---|---|---|---|---|---|---|---|---|---|---|---|---|---|---|---|---|
| Dewey Decimal Classification | Main TEST | RTC Library | RTC Library | Main opac | 09/03/2026 | 600.00 | 19907 | 1 | 1 | 616.89 KAP c1 | 30021125 | 20/05/2026 | 20/04/2026 | 20/04/2026 | 09/03/2026 | Main | ||||
| Dewey Decimal Classification | Main TEST | RTC Library | RTC Library | Main opac | 09/03/2026 | 600.00 | 19908 | 2 | 616.89 KAP c2 | 30021126 | 22/05/2026 | 07/05/2026 | 07/05/2026 | 09/03/2026 | Main | |||||
| Dewey Decimal Classification | Main TEST | RTC Library | RTC Library | Main opac | 09/03/2026 | 600.00 | 19909 | 1 | 1 | 616.89 KAP c3 | 30021127 | 22/05/2026 | 22/04/2026 | 22/04/2026 | 09/03/2026 | Main | ||||
| Dewey Decimal Classification | Reference | RTC Library | RTC Library | Reference | 09/03/2026 | 600.00 | 19910 | REF 616.89 KAP | 30021128 | 09/03/2026 | 09/03/2026 | Reference |